[Event "Mittelfrank Regionalliga Nord-West 2122"]
[Site "Mittelfranken"]
[Date "2022.03.13"]
[Round "6.7"]
[White "Heeg, Alexander"]
[Black "Beidinger, Adrian"]
[Result "1-0"]
[WhiteElo "1633"]
[BlackElo "1247"]
[PlyCount "95"]
[EventDate "2021.10.24"]
[EventType "team-tourn"]
[EventRounds "9"]
[EventCountry "GER"]
[SourceTitle "EXT 2024"]
[Source "ChessBase"]
[SourceDate "2023.10.10"]
[SourceVersion "1"]
[SourceVersionDate "2023.10.10"]
[SourceQuality "1"]
[WhiteTeam "Sailauf"]
[BlackTeam "Wuerzburg II"]
[WhiteTeamCountry "GER"]
[BlackTeamCountry "GER"]

1. e4 d6 2. Nf3 Nf6 3. Nc3 g6 4. d4 Bg7 5. Be3 0-0 6. Bc4 Nxe4 7. Bxf7+ Rxf7 8. Nxe4 Nc6 9. Qd2 Bf5 10. Ng3 Bg4 11. Ng5 Rf8 12. h3 Bd7 13. 0-0-0 Bh6 14. h4 a5 15. d5 Nb4 16. a3 Na6 17. Ne6 Bxe3 18. Qxe3 Bxe6 19. Qxe6+ Kg7 20. f3 Nc5 21. Qe3 Qd7 22. h5 Rf6 23. hxg6 Rxg6 24. Nh5+ Kg8 25. Nf4 Rf6 26. Rh4 Rf7 27. Rdh1 Rg7 28. g4 Rf8 29. Nh5 Rg6 30. Ng3 Rg7 31. Nf5 Rxf5 32. gxf5 Qxf5 33. Rg4 Rxg4 34. fxg4 Qxd5 35. Qh3 Qg5+ 36. Kb1 Qg7 37. g5 Qg6 38. Qc8+ Kg7 39. Qxc7 Qxg5 40. Qxa5 Qg2 41. Qe1 Qc6 42. Qxe7+ Kg6 43. Rg1+ Kf5 44. Rf1+ Kg6 45. Qf6+ Kh5 46. Rf5+ Kg4 47. Rg5+ Kh4 48. Qh6# 1-0